000
00293nam a22001337a 4500
008
170424b xxu||||| |||| 00| 0 eng d
020
_a
9780131407480
041
_a
eng
080
_2
4TH
_a
547
100
_a
12
101
_a
SHM
245
_a
ORGANIC CHEMISTRY
_c
BRUICE, P.Y
942
_2
udc
_c
BK
999
_c
11814
_d
11814